Digital Terrain Model (DTM) bagi imej satelit untuk tujuan perancangan strategi bahagian perisikan Angkatan Tentera Malaysia (ATM)
Saved in:
| Main Author: | |
|---|---|
| Format: | Book |
| Published: |
Kuala Lumpur
ATMA
2004
|
| Tags: |
Add Tag
No Tags, Be the first to tag this record!
|
| Call Number : | 4 SZK 22 2004 |
MARC
| LEADER | 00000pam a2200000 4500 | ||
|---|---|---|---|
| 001 | 39297 | ||
| 003 | MY-KLNDU | ||
| 005 | 20241218091808.0 | ||
| 035 | |a 0000024996 | ||
| 039 | 9 | |y 200910091640 |z VLOAD | |
| 090 | 0 | 0 | |a 4 SZK 22 2004 |
| 100 | 1 | 0 | |a Andy Indera Nerakaman bin Kamaruzaman |
| 245 | 1 | 0 | |a Digital Terrain Model (DTM) bagi imej satelit untuk tujuan perancangan strategi bahagian perisikan Angkatan Tentera Malaysia (ATM) |c Andy Indera Nerakman bin Kamaruzaman |
| 260 | 0 | 0 | |a Kuala Lumpur |b ATMA |c 2004 |
| 300 | |a xiii,70p. |b ill. |c 30cm | ||
| 500 | 0 | 0 | |a Includes bibliography |
| 500 | 0 | 0 | |a Includes compact disk,filed indisk storage at circulation desk |
| 999 | |a vtls000028589 |c 39297 |d 39297 | ||